| 000 | 00330nam a22001217a 4500 | ||
|---|---|---|---|
| 003 | SGT | ||
| 082 |
_a346.04363 _bT25T |
||
| 100 | _aTYAGI MANSHU | ||
| 245 | _aTHE LEGAL FRAMEWORK FOR THE PROTECTION OF STREET VENDORS IN INDIA WITH SPECIAL REFERENCE TO NCR DISTRICTS OF HARYANA | ||
| 260 | _c2025 | ||
| 300 | _a255 | ||
| 942 |
_2ddc _cTH |
||
| 999 |
_c33639 _d33639 |
||